000 00655nam a2200181 4500
005 20251106103706.0
008 221026b ||||| |||| 00| 0 eng d
020 _a9786214181834
082 _aDFil 363.25402 L949 2021
100 _aLovito, Rey S.
_946530
245 _aPolygraph techniques :
_ba manual in lie detection /
_cRey S. Lovito.
260 _aQuezon City :
_bWiseman's Books Trading, Inc.,
_c©2021.
300 _avi, 200 pages :
_billustrations ;
_c22 cm.
500 _aIncludes appendices.
650 _aLie detectors and detection
_vHandbooks, manuals, etc.
_946531
650 _aLie detectors and detection.
_946532
942 _2ddc
_cDFIL
999 _c17497
_d17497